| 000 | 00841nam a2200169 i 4500 | ||
|---|---|---|---|
| 001 | 167943 | ||
| 003 | ES-MaACL | ||
| 005 | 20230906213632.0 | ||
| 008 | 051003s1878 xxk |||| | eng d | ||
| 100 | 1 |
_aWines, Enoch Cobb ( _d1806-1879) _9117073 |
|
| 245 | 1 | 0 |
_aOscar the first, (late king of Sweden and Norway,) and the penitentiary question _b: remarks at the banquet given by Oscar the Second at the Palace of Drottningholm, Aug. 24, 1878, to the members of the International Prison Congress / _cby Wines. |
| 260 |
_aLondon : _bSpottswoode & co., _c1878. |
||
| 300 |
_a12 p. ; _c22 cm. |
||
| 650 | 4 |
_aEstablecimientos penitenciarios- _vCongresos y asambleas. _9163123 |
|
| 711 | 2 |
_aCongreso Penitenciario Internacional ( _d1878. _cEstocolmo) _9165779 |
|
| 852 |
_aES-MaACL _jD-221(1) _z- Enc. pasta espaƱola _z. - Donativo de Lastres, 1907 |
||
| 999 |
_c167943 _d167943 |
||